| 000 | 00372nam a2200169Ia 4500 | ||
|---|---|---|---|
| 001 | 1219 | ||
| 003 | IN-NITTTR | ||
| 005 | 20251114232910.0 | ||
| 008 | 251113s9999||||xx |||||||||||||| ||eng|| | ||
| 040 | _beng | ||
| 040 | _cIN-NITTTR | ||
| 041 | _aeng | ||
| 082 | _a671.53 P446N | ||
| 100 | _aPetrak, F. | ||
| 245 | 0 |
_aNon-cutting shaping. / _cPetrak, F. |
|
| 942 |
_2ddc _cBK |
||
| 999 |
_c1337 _d1337 |
||